La imagen Calcinada (Record no. 1789)
[ view plain ]
| 000 -LEADER | |
|---|---|
| campo de control de longitud fija | 00433nam a22001337a 4500 |
| 008 - DATOS DE LONGITUD FIJA--INFORMACIÓN GENERAL | |
| campo de control de longitud fija | 190522b xxu||||| |||| 00| 0 eng d |
| 020 ## - NÚMERO INTERNACIONAL ESTÁNDAR DEL LIBRO | |
| Número Internacional Estándar del Libro | 9968972975 |
| 082 ## - NÚMERO DE LA CLASIFICACIÓN DECIMAL DEWEY | |
| Número de clasificación | 861.44 |
| Número de ítem | C413i |
| 100 ## - ENTRADA PRINCIPAL--NOMBRE DE PERSONA | |
| Nombre de persona | Cerdas Vega, Gerardo |
| 9 (RLIN) | 7046 |
| 245 ## - MENCIÓN DEL TÍTULO | |
| Título | La imagen Calcinada |
| 260 ## - PUBLICACIÓN, DISTRIBUCIÓN, ETC. | |
| Lugar de publicación, distribución, etc. | San José, Costa Rica |
| Nombre del editor, distribuidor, etc. | Editores Alambique |
| Fecha de publicación, distribución, etc. | 1997 |
| 300 ## - DESCRIPCIÓN FÍSICA | |
| Extensión | 52 p. |
| Dimensiones | 21,5 x 14 cm |
| 650 ## - PUNTO DE ACCESO ADICIONAL DE MATERIA--TÉRMINO DE MATERIA | |
| Fuente del encabezamiento o término | Literatura |
| Subdivisión de forma | Poesía |
| Subdivisión geográfica | Literatura - Costa Rica |
| -- | Poesía costarricense |
| 9 (RLIN) | 7047 |
| Estatus retirado | Estado de pérdida | Fuente del sistema de clasificación o colocación | Estado de daño | No para préstamo | Biblioteca de origen | Biblioteca actual | Ubicación en estantería | Fecha de adquisición | Total de préstamos | Signatura topográfica completa | Código de barras | Visto por última vez | Precio de reemplazo | Tipo de ítem Koha |
|---|---|---|---|---|---|---|---|---|---|---|---|---|---|---|
| Clasificación Decimal Dewey | Biblioteca LadoV | Biblioteca LadoV | 22/05/2019 | 861.44 C413i | 004747 | 22/05/2019 | 22/05/2019 | Material 01 |
